000 00651nam a2200205Ia 4500
003 GCL
008 140319s9999 xx 000 0 ara d
040 _aGCL /
_cGCL
082 0 4 _aط
_b920
_bس ع
100 1 _aسليمان فياض
245 1 0 _aعلماء العرب /
_cسليمان فياض
700 1 _aاسماعيل دياب
260 _aالقاهرة :
_bمركز الاهرام للترجمة والنشر ،
_c1991
300 _aمتعددة ؛
_c19 سم
490 _aعلماء العرب
_v0
650 0 4 _aقصص الاطفال
650 0 4 _aالعلماء العرب
650 0 4 _aعلماء الاسلام
942 _2ddc
_cBK
999 _c29329
_d29329